| 000 | 00513nam a22002177a 4500 | ||
|---|---|---|---|
| 003 | UA-OsUOA | ||
| 001 | 44772 | ||
| 007 | ta | ||
| 008 | 20110216b un ||||| |||| 00| 0 ukr d | ||
| 100 | _aRamsey E. Robert | ||
| 090 | _a94(100) | ||
| 942 | _cBR | ||
| 040 |
_aUA-OsUOA _beng _cUA-OsUOA _dUA-OsUOA |
||
| 245 | _aFlags of the captive nations | ||
| 955 | _a1 | ||
| 041 | _aeng | ||
| 080 | _a94(100) | ||
| 260 | _c1962 | ||
| 650 | 7 |
_a9 Географія. Біографії. Історія _2UDC |
|
| 999 |
_c424873 _d424873 |
||